| 000 | 00849nas a2200253 4500 | ||
|---|---|---|---|
| 001 | BR9203316 | ||
| 003 | BR-BrBNA | ||
| 005 | 20231205092628.0 | ||
| 007 | ta | ||
| 008 | 230509b bl.|||p| |||| 00| 00por d | ||
| 040 |
_aBR-BrBNA _bpor _cBiblioteca Nacional de Agricultura |
||
| 041 | _a(Pt) | ||
| 072 | _aH60; F50 | ||
| 100 | 1 | _aGroth, D. | |
| 111 | 1 |
_a37. Congresso Nacional de Botanica _cSao Paulo, SP (Brazil) _d25-31 Jan 1987 |
|
| 245 | 1 | _aCaracterizacao morfologica dos carpidios e das plantulas de seis especies invasoras da familia Malvaceae adans | |
| 650 | _aERVA DANINHA | ||
| 650 | _aMORFOLOGIA VEGETAL | ||
| 650 | _aSEMENTE | ||
| 650 | _aPLANTULA | ||
| 773 | 0 |
_tAgronomia Sulriograndense (Brazil) _xISSN 0400-8111 _g(Jan 1988), v. 24(1) p. 89-105 _wBR9203316 |
|
| 909 |
_a202311 _bLúcia _c55 _dLúcia Elande |
||
| 942 |
_2AGRIS _n0 _cANA |
||
| 999 |
_c132996 _d132996 |
||